| 000 | 02365nam a2200337Ia 4500 | ||
|---|---|---|---|
| 999 |
_c39181 _d39181 |
||
| 001 | 5766 | ||
| 003 | GE_BSU | ||
| 005 | 20191028124603.0 | ||
| 008 | 181216s2012||||ge |||||||||||||| ||geo|| | ||
| 040 | _cGE_BSU | ||
| 041 | _ageo | ||
| 080 | _a811.353.2'366 მ-29 | ||
| 100 |
_aმარგიანი-სუბარი, ქეთევან _912 |
||
| 245 |
_aევიდენციალობის კატეგორია სვანურ ენაში = Category of evidentiality in svan = Категория эвиденциальности в сванском языке : _b მონოგრაფია / _c ქეთევან მარგიანი-სუბარი ; რედ.: ავთანდილ არაბული[და სხვ. ; ინგლ. ტექსტის მთარგმნ. და რედ. ანა მესხი ; რუს. ტექსტის მთარგმნ. და რედ.: მაია აბალაკი და სხვ. |
||
| 264 |
_aთბილისი, _bგლობალ-პრინტი+, _c2012 |
||
| 300 |
_a315 გვ. ; _b22 სმ. |
||
| 501 | _a სიტყვაფორმათა და ფორმანტთა საძიებელი: 285-316. | ||
| 504 | _aბიბლიოგრ.: გვ. 274-283. | ||
| 520 | _aრეზ. ინგლ. და რუს.. | ||
| 653 | _aსვანური ენის გრამატიკა | ||
| 653 | _aსვანური ენა | ||
| 700 |
_aარაბული, ავთანდილ _eრედაქტორი _9316 |
||
| 700 |
_aჩანტლაძე, იზა _eრედაქტორი _914 |
||
| 700 |
_a ტოფაძე, მანანა _eრედაქტორი _95027 |
||
| 700 |
_aმესხი, ანა _eმთარგმ.-რედაქტორი _96 |
||
| 700 |
_a აბალაკი, მაია _eმთარგმნ.-რედაქტორი _95028 |
||
| 700 |
_aსაბანაძე, ეთერ _eმთარგმნ.-რედაქტორი _95029 |
||
| 710 |
_aივ. ჯავახიშვილის სახ. თბილ. სახელმწ. უნ-ტი _9662 |
||
| 710 |
_aარნ. ჩიქობავას სახ. ენათმეცნ. ინ-ტი. _91996 |
||
| 942 |
_cBK _2udc |
||